Musique - 1 album par année (2000-2024) - Images - Statistiques

Statistiques générales
  • Ce quiz a été pris 375 fois
  • Le résultat moyen est 12 sur 24
Statistiques - réponses
Par images Hint Réponse % Correct
2013 Daft Punk - Random Access Memories
95%
2008 Lady Gaga - The Fame
89%
2016 The Weeknd - Starboy
87%
2019 Ninho - Destin
79%
2014 Ed Sheeran - X
74%
2002 Eminem - The Eminem Show
70%
2024 Billie Eilish - HIT ME HARD AND SOFT
66%
2012 Bruno Mars - Unorthodox Jukebox
65%
2007 Kanye West - Graduation
64%
2017 Orelsan - La fête est finie
55%
2015 Twenty One Pilots - Blurryface
55%
2020 Taylor Swift - Evermore
48%
2004 Green Day - American Idiot
46%
2011 Shaka Ponk - The Geeks and the Jerkin' Socks
45%
2005 Coldplay - X&Y
36%
2010 Gorillaz - Plastic Beach
36%
2006 Muse - Black Holes and Revelations
36%
2018 Post Malone - Beerbongs & Bentleys
33%
2003 Linkin Park - Meteora
30%
2023 Maneskin - Rush
29%
2021 Imagine Dragons - Mercury - Acts 1 & 2
23%
2001 Noir Désir - Des visages des figures
23%
2022 Rammstein - Zeit
9%
2009 OneRepublic - Waking Up
4%
Aucun quiz correspondant
Distribution des résultats
% des personnes avec chaque résultat
Percentile par nombre de réponses
Votre historique - résultats
Vous n’avez pas pris ce quiz